Geography Quiz #2 - Statistics

General Stats
  • This quiz has been taken 24 times
  • The average score is 13 of 17
Answer Stats
Picture Answer % Correct
Africa
88%
France
88%
New Zealand
88%
India
83%
Panama
83%
South Africa
83%
Turkey
83%
Florida
79%
Korea
75%
Norway
75%
Venice
71%
Alps
67%
Gulf of Mexico
63%
Aegean Sea
58%
Iberian Peninsula
58%
Sinai
58%
Persian Gulf
50%
No matching quizzes found
Score Distribution
Percent of People with Each Score
Percentile by Number Answered
Your Score History
You have not taken this quiz